000
00440nam a2200133Ia 4500
008
100328s9999 xx 000 0 und d
082
_b
53599
100
_a
बेडेकर विश्राम
245
_a
नरो वा कुंजरो वा
260
_b
देशमुख आणि कं.
630
_a
नरो वा कुंजरो वा
730
_a
नरो वा कुंजरो वा
942
_c
BOOK
999
_c
540342
_d
540339